Statistiques concernant Mots en Anglais #5

Cliquez ici pour prendre le quiz!

Statistiques générales

  • Ce quiz a été pris 113 fois
  • Le résultat moyen est 5 sur 12

Statistiques - réponses

Mot FrançaisTraduction anglaise% Correct
Football ( mot americain)soccer
90%
Une équipe( a)team
82%
L'endroit où les boxeurs se battent( a)ring
80%
Carton jauneyellow card
60%
Verb désignant la technique de course utilisée au 100 mètres ( to...)sprint
45%
Marquer ( to...)score
38%
Taper la balle avec la tête ( to...) seulement le verbe!head
33%
Coup Francfree-kick
29%
Une faute (a)foul
19%
Le terrain de tennistennis court
16%
vaincu(e)beaten
11%
Une touche ( a...)throw-in
3%

Distribution des résultats

Percentile par nombre de réponses

% des personnes avec chaque résultat

Votre développement - résultats

Vous n’avez pas pris ce quiz